Ensayo de clasificación de las disciplinas pedagógicas (Record no. 67809)

MARC details
000 -CABECERA
campo de control de longitud fija 00552nam a2200193 a 4500
005 - FECHA Y HORA DE LA ÚLTIMA TRANSACCIÓN
campo de control 20210219153056.0
008 - ELEMENTOS DE LONGITUD FIJA--INFORMACIÓN GENERAL
campo de control de longitud fija 991125n 000 0 u
035 ## - NÚMERO DE CONTROL DEL SISTEMA
Número de control de sistema UPN01000076483
100 ## - ASIENTO PRINCIPAL--NOMBRE PERSONAL
Nombre de persona VILLALPANDO NAVA, José Manuel
222 ## - TÍTULO CLAVE
Título clave REVISTA DE LA ESCUELA NORMAL SUPERIOR
245 ## - MENCIÓN DE TÍTULO
Título Ensayo de clasificación de las disciplinas pedagógicas
300 ## - DESCRIPCIÓN FÍSICA
Extensión 51-63
362 ## - FECHAS DE PUBLICACIÓN Y/O DESIGNACIÓN SECUENCIAL
Fecha de publicación y/o designación secuencial 1970 3a época, no. 13, ago.-dic.
653 0# - TERMINO DE INDIZACION - NO CONTROLADO
Término no controlado CULTURA
653 0# - TERMINO DE INDIZACION - NO CONTROLADO
Término no controlado DIDACTICA
653 0# - TERMINO DE INDIZACION - NO CONTROLADO
Término no controlado FILOSOFIA EDUCATIVA
904 ## - ELEMENTOS DE DATOS D LOCAL, LDD (RLIN)
a AC
b 014294
905 ## - TIPO DE MATERIAL
Tipo de material Articulo

No items available.